Main̲ kaun hūn̲ / (Record no. 3926)
[ view plain ]
| 000 -LEADER | |
|---|---|
| fixed length control field | 01157cam a22003737i 4500 |
| 001 - CONTROL NUMBER | |
| control field | 17762563 |
| 003 - CONTROL NUMBER IDENTIFIER | |
| control field | Nust |
| 005 - DATE AND TIME OF LATEST TRANSACTION | |
| control field | 20170731125119.0 |
| 008 - FIXED-LENGTH DATA ELEMENTS--GENERAL INFORMATION | |
| fixed length control field | 130604s2013 pk 000 1 urd |
| 010 ## - LIBRARY OF CONGRESS CONTROL NUMBER | |
| LC control number | 2013344677 |
| 020 ## - INTERNATIONAL STANDARD BOOK NUMBER | |
| International Standard Book Number | 978-9687852508 |
| 020 ## - INTERNATIONAL STANDARD BOOK NUMBER | |
| International Standard Book Number | 968785250X |
| 040 ## - CATALOGING SOURCE | |
| Original cataloging agency | DLC |
| Language of cataloging | eng |
| Description conventions | rda |
| Transcribing agency | DLC |
| 042 ## - AUTHENTICATION CODE | |
| Authentication code | lcode |
| 050 00 - LIBRARY OF CONGRESS CALL NUMBER | |
| Classification number | MLCSA 2012/00762 (P) |
| 066 ## - CHARACTER SETS PRESENT | |
| Alternate G0 or G1 character set | (4 |
| -- | (3 |
| 082 ## - DEWEY DECIMAL CLASSIFICATION NUMBER | |
| Classification number | 891.4391 |
| Author Mark | BUT |
| 100 0# - MAIN ENTRY--PERSONAL NAME | |
| Linkage | 880-01 |
| Personal name | Raz̤iyah Baṭ. |
| 9 (RLIN) | 756 |
| 245 10 - TITLE STATEMENT | |
| Linkage | 880-02 |
| Title | Main̲ kaun hūn̲ / |
| Statement of responsibility, etc. | Raz̤iyah Baṭ. |
| 260 ## - PUBLICATION, DISTRIBUTION, ETC. | |
| Place of publication, distribution, etc. | Lāhore : |
| Name of publisher, distributor, etc. | Sang-i Mīl Pablīkeshanz, |
| Date of publication, distribution, etc. | 2013. |
| 264 #1 - PRODUCTION, PUBLICATION, DISTRIBUTION, MANUFACTURE, AND COPYRIGHT NOTICE | |
| Linkage | 880-03 |
| Place of production, publication, distribution, manufacture | Lāhaur : |
| Name of producer, publisher, distributor, manufacturer | Sang-i Mīl Pablīkeshanz, |
| Date of production, publication, distribution, manufacture, or copyright notice | 2013. |
| 300 ## - PHYSICAL DESCRIPTION | |
| Extent | 528 pages ; |
| Dimensions | 22 cm |
| 336 ## - CONTENT TYPE | |
| Content type term | text |
| Source | rdacontent |
| 337 ## - MEDIA TYPE | |
| Media type term | unmediated |
| Source | rdamedia |
| 338 ## - CARRIER TYPE | |
| Carrier type term | volume |
| Source | rdacarrier |
| 500 ## - GENERAL NOTE | |
| General note | Novel. |
| 546 ## - LANGUAGE NOTE | |
| Language note | In Urdu. |
| 650 ## - SUBJECT ADDED ENTRY--TOPICAL TERM | |
| Topical term or geographic name entry element | Urdu Literature-Novel |
| 9 (RLIN) | 1164 |
| 880 10 - ALTERNATE GRAPHIC REPRESENTATION | |
| Title | ميں کون هوں / |
| c | رضيه بٹ. |
| Linkage | 245-02\(3\r |
| 880 10 - ALTERNATE GRAPHIC REPRESENTATION | |
| Title | رضیہ بٹ |
| Linkage | 100-01\(3\r |
| 880 #1 - ALTERNATE GRAPHIC REPRESENTATION | |
| Linkage | 264-03/(3/r |
| Title | لاهور : |
| b | سنگ ميل پبليکيشنز، |
| c | 2013. |
| 906 ## - LOCAL DATA ELEMENT F, LDF (RLIN) | |
| a | 7 |
| b | cbc |
| c | origode |
| d | 4 |
| e | ncip |
| f | 20 |
| g | y-nonroman |
| 942 ## - ADDED ENTRY ELEMENTS (KOHA) | |
| Source of classification or shelving scheme | |
| Koha item type | Book |
| Withdrawn status | Lost status | Source of classification or shelving scheme | Damaged status | Not for loan | Permanent Location | Current Location | Shelving location | Date acquired | Source of acquisition | Total Checkouts | Total Renewals | Full call number | Barcode | Date last seen | Date last checked out | Copy number | Price effective from | Koha item type |
|---|---|---|---|---|---|---|---|---|---|---|---|---|---|---|---|---|---|---|
| Central Library (CL) | Central Library (CL) | Fiction | 11/25/2016 | Purchased | 10 | 3 | 891.4393 BUT | CL3093 | 05/29/2025 | 09/26/2024 | 1 | 11/25/2016 | Book |
